Radio-geochemical methods at surface expiotation of oil and gas fields; Bulletin of the Tomsk Polytechnic University; Vol. 311, № 1
| Parent link: | Bulletin of the Tomsk Polytechnic University/ Tomsk Polytechnic University (TPU).— , 2006-2007 Vol. 311, № 1.— 2007.— [P. 85-90] |
|---|---|
| מחבר ראשי: | |
| סיכום: | Заглавие с титульного листа Электронная версия печатной публикации A review of the situation with radio-geochemical methods of searching oil and gas fields is presented. Potential reasons of radio-geochemical anomalies formation are considered, some approaches to interpretation of radio-geochemical datum are listed |
| שפה: | אנגלית |
| יצא לאור: |
2007
|
| סדרה: | Geochemistry |
| נושאים: | |
| גישה מקוונת: | http://www.lib.tpu.ru/fulltext/v/Bulletin_TPU/2007/v311eng/i1/15.pdf |
| פורמט: | אלקטרוני Book Chapter |
| KOHA link: | https://koha.lib.tpu.ru/cgi-bin/koha/opac-detail.pl?biblionumber=182514 |
MARC
| LEADER | 00000nla2a2200000 4500 | ||
|---|---|---|---|
| 001 | 182514 | ||
| 005 | 20231031171325.0 | ||
| 035 | |a (RuTPU)RU\TPU\book\197854 | ||
| 035 | |a RU\TPU\book\197853 | ||
| 090 | |a 182514 | ||
| 100 | |a 20100622d2007 k y0rusy50 ca | ||
| 101 | 1 | |a eng |c rus | |
| 102 | |a RU | ||
| 135 | |a drnn ---uucaa | ||
| 200 | 1 | |a Radio-geochemical methods at surface expiotation of oil and gas fields |b Electronic resource |f I. S. Sobolev | |
| 203 | |a Text |c electronic | ||
| 215 | |a 1 файл (836 Кб) | ||
| 225 | 1 | |a Geochemistry | |
| 230 | |a Электронные текстовые данные (1 файл : 836 Кб) | ||
| 300 | |a Заглавие с титульного листа | ||
| 300 | |a Электронная версия печатной публикации | ||
| 320 | |a [Bibliography: p. 90 (42 titles)] | ||
| 330 | |a A review of the situation with radio-geochemical methods of searching oil and gas fields is presented. Potential reasons of radio-geochemical anomalies formation are considered, some approaches to interpretation of radio-geochemical datum are listed | ||
| 337 | |a Adobe Reader | ||
| 461 | 1 | |0 (RuTPU)RU\TPU\book\169973 |t Bulletin of the Tomsk Polytechnic University |f Tomsk Polytechnic University (TPU) |d 2006-2007 | |
| 463 | 1 | |0 (RuTPU)RU\TPU\book\197808 |x 1684-8519 |t Vol. 311, № 1 |v [P. 85-90] |d 2007 |p 139 p. | |
| 610 | 1 | |a radio-geochemical methods | |
| 610 | 1 | |a surface expiotation | |
| 610 | 1 | |a oil and gas fields | |
| 610 | 1 | |a radio-geochemical anomalies | |
| 610 | 1 | |a radio-geochemical datum | |
| 610 | 1 | |a труды учёных ТПУ | |
| 610 | 1 | |a электронный ресурс | |
| 675 | |a 553.98:550.83 |v 3 | ||
| 700 | 1 | |a Sobolev |b I. S. |c geologist, geochemist |c associate Professor of Tomsk Polytechnic University, candidate of geological-mineralogical Sciences |f 1974- |g Igor Stanislavovich |2 stltpush |3 (RuTPU)RU\TPU\pers\36879 | |
| 801 | 1 | |a RU |b 63413507 |c 20090623 |g PSBO | |
| 801 | 2 | |a RU |b 63413507 |c 20160607 |g PSBO | |
| 856 | 4 | |u http://www.lib.tpu.ru/fulltext/v/Bulletin_TPU/2007/v311eng/i1/15.pdf | |
| 942 | |c CF | ||